<?xml version="1.0" encoding="UTF-8"?>
<collection xmlns="http://www.loc.gov/MARC21/slim">
 <record>
  <leader>00955cam a2200325 7i4500</leader>
  <controlfield tag="001">0000057650</controlfield>
  <controlfield tag="005">20210302090000.0</controlfield>
  <controlfield tag="007">  Monographs</controlfield>
  <controlfield tag="008">210302                  eng</controlfield>
  <datafield tag="020" ind1="0" ind2="0">
   <subfield code="a">9787117255547 (Hard) </subfield>
  </datafield>
  <datafield tag="090" ind1="0" ind2="0">
   <subfield code="a">R127.1 </subfield>
   <subfield code="b">SEL 2017</subfield>
  </datafield>
  <datafield tag="100" ind1="0" ind2="0">
   <subfield code="a">Zhaozhi,Cheng </subfield>
   <subfield code="e">editor </subfield>
  </datafield>
  <datafield tag="245" ind1="1" ind2="0">
   <subfield code="a">Shang han lun = On cold damage  </subfield>
   <subfield code="c">Zhaozhi Cheng, Jiaxu Chen.</subfield>
  </datafield>
  <datafield tag="250" ind1="0" ind2="0">
   <subfield code="a">1st ed.</subfield>
  </datafield>
  <datafield tag="264" ind1=" " ind2="1">
   <subfield code="a">Beijing, China: </subfield>
   <subfield code="b">People's Medical Publishing House, </subfield>
   <subfield code="c">2017,@2017.</subfield>
  </datafield>
  <datafield tag="300" ind1=" " ind2=" ">
   <subfield code="a">199 pages; </subfield>
   <subfield code="c">26 cm.</subfield>
  </datafield>
  <datafield tag="336" ind1=" " ind2=" ">
   <subfield code="a">text</subfield>
   <subfield code="2">rdacontent</subfield>
  </datafield>
  <datafield tag="337" ind1=" " ind2=" ">
   <subfield code="a">unmediated</subfield>
   <subfield code="2">rdamedia</subfield>
  </datafield>
  <datafield tag="338" ind1=" " ind2=" ">
   <subfield code="a">volume</subfield>
   <subfield code="2">rdacarrier</subfield>
  </datafield>
  <datafield tag="440" ind1="0" ind2="0">
   <subfield code="a">Textbook for the Four TCM Classical Courses</subfield>
  </datafield>
  <datafield tag="501" ind1="0" ind2="0">
   <subfield code="a">BTCMI</subfield>
  </datafield>
  <datafield tag="501" ind1="0" ind2="0">
   <subfield code="a">FMHS</subfield>
  </datafield>
  <datafield tag="650" ind1="0" ind2="0">
   <subfield code="a">Medicine </subfield>
  </datafield>
  <datafield tag="650" ind1="0" ind2="0">
   <subfield code="a">China </subfield>
  </datafield>
  <datafield tag="650" ind1="0" ind2="0">
   <subfield code="a">Typhoid fever </subfield>
  </datafield>
  <datafield tag="650" ind1="0" ind2="0">
   <subfield code="a">Shang han lun(Zhang, Zhongjing) </subfield>
  </datafield>
  <datafield tag="650" ind1="0" ind2="0">
   <subfield code="a">Medicine -- </subfield>
   <subfield code="x">Anxient </subfield>
  </datafield>
  <datafield tag="650" ind1="0" ind2="0">
   <subfield code="a">Medicine -- </subfield>
   <subfield code="x">Chinese </subfield>
  </datafield>
  <datafield tag="700" ind1="1" ind2="1">
   <subfield code="a">Jiaxu, Chen </subfield>
  </datafield>
  <datafield tag="856" ind1=" " ind2=" ">
   <subfield code="u">http://www.pmph.com</subfield>
  </datafield>
 </record>
</collection>
